Teams that Mbappe Played For - Statistics

General Stats
  • This quiz has been taken 101 times
  • The average score is 3 of 6
Answer Stats
Hint Answer % Correct
2018- Paris Saint Germain
98%
2017- Nationals France
89%
2015-2018 AS Monaco
88%
2014 Nationals France U17
16%
2016 Nationals France U19
16%
2015-16 Monaco II
7%
No matching quizzes found
Score Distribution
Percent of People with Each Score
Percentile by Number Answered
Your Score History
You have not taken this quiz